Vincitori Pallone d'Oro dall'immagine - Morte improvvisa - Statistics

Statistiche generali
  • Questo quiz è stato fatto 673 volte
    257 dall'ultimo reset
  • Il punteggio medio è 11 su 34
Answers on the Grid
Answers color-coded by a green-red scale on the quiz's grid according to % correct below.
Rodri
Lionel Messi
Karim Benzema
Luka Modric
Cristiano Ronaldo
Fabio Cannavaro
Ronaldinho
Andriy Shevchenko
Pavel Nedved
Ronaldo
Michael Owen
Luís Figo
Rivaldo
Zinédine Zidane
Matthias Sammer
George Weah
Hristo Stoichkov
Roberto Baggio
Marco van Basten
Jean-Pierre Papin
Lothar Matthäus
Ruud Gullit
Michel Platini
Paolo Rossi
Karl-Heinz Rummenigge
Franz Beckenbauer
Gerd Müller
Ousmane Dembélé
George Best
Sir Bobby Charlton
Eusébio
Lev Yashin
Alfredo di Stéfano
Johan Cruyff
Jude Bellingham
Vinicius Junior
Erling Haaland
Kylian Mbappé
Kevin De Bruyne
Robert Lewandowski
Virgil van Dijk
Antoine Griezmann
Neymar
Manuel Neuer
Franck Ribéry
Andrés Iniesta
Xavi
Fernando Torres
Thierry Henry
Gianluigi Buffon
Frank Lampard
Steven Gerrard
Deco
Paolo Maldini
Oliver Kahn
Raúl
David Beckham
Davor Suker
Alan Shearer
Jürgen Klinsmann
Éric Cantona
Dejan Savicevic
Franco Baresi
Frank Rijkaard
Emilio Butragueño
Gary Lineker
Dino Zoff
Bobby Moore
Jimmy Greaves
Ferenc Puskás
Andreas Brehme
Preben Elkjaer Larsen
 
Statistiche sulle risposte
Risposta % Corretto
Cristiano Ronaldo Cristiano Ronaldo
57%
Lionel Messi Lionel Messi
53%
Luka Modrić Luka Modric
51%
Zinedine Zidane Zinédine Zidane
48%
Ronaldinho Ronaldinho
48%
Karim Benzema Karim Benzema
47%
Pavel Nedvěd Pavel Nedved
47%
Fabio Cannavaro Fabio Cannavaro
47%
Roberto Baggio Roberto Baggio
46%
Ronaldo Ronaldo
45%
Ousmane Dembélé Ousmane Dembélé
43%
Andriy Shevchenko Andriy Shevchenko
43%
Rodri Rodri
42%
Ruud Gullit Ruud Gullit
40%
Johan Cruyff Johan Cruyff
40%
Marco van Basten Marco van Basten
36%
George Weah George Weah
31%
George Best George Best
30%
Luís Figo Luís Figo
30%
Lothar Matthäus Lothar Matthäus
26%
Rivaldo Rivaldo
26%
Franz Beckenbauer Franz Beckenbauer
26%
Eusébio Eusébio
26%
Bobby Charlton Sir Bobby Charlton
25%
Paolo Rossi Paolo Rossi
24%
Michel Platini Michel Platini
23%
Michael Owen Michael Owen
21%
Alfredo Di Stéfano Alfredo di Stéfano
20%
Gerd Müller Gerd Müller
19%
Lev Yashin Lev Yashin
19%
Hristo Stoičkov Hristo Stoichkov
15%
Jean-Pierre Papin Jean-Pierre Papin
13%
Matthias Sammer Matthias Sammer
13%
Karl-Heinz Rummenigge Karl-Heinz Rummenigge
8%
Nessun quiz corrispondente trovato
Distribuzione punteggi
Percentuale di utenti per punteggio
Percentile per numero di risposta
I tuoi punteggi nel tempo
Non hai fatto questo quiz dall'ultimo reset